000 00343nam a22001217a 4500
008 230726b |||||||| |||| 00| 0 eng d
082 _a362.2
100 _aParliament of Bhutan
245 _aNarcotic drugs, psychotropic substances and substance abuse(amendment) Act of Bhutan 2018
260 _c2018
300 _a66 p.
_c23.5 cm
942 _2ddc
999 _c9624
_d9625